000 00664nam a22001934a 4500
005 20100913121344.0
020 _a9781405355230
_c899.00
037 _bPansy Books
082 0 0 _a796.352
100 _aNewell, Steve
_919694
245 1 0 _aThe complete golf manual /
_cby Steve Newell
260 _bDorling Kindersley
_c2010
_aLondon
270 _a80 Strand
_bLondon
300 _a352p.
_bphotos
_c25cm(Hb)
500 _aIncludes glossary and index
942 _2ddc
_cEN
_h796.352
_mNEW
999 _c45352
_d45352